000
00274nam a2200109Ia 4500
008
220216s9999 xx 000 0 und d
245
0
_a
Rubberisationte bhavi karshakarude kaiyil
260
_b
Rubber Mithram
_c
1999
300
_a
24-25
650
_a
Rubberisation
942
_c
JS
999
_c
68264
_d
68264